| 000 | 00627nam a22001937a 4500 | ||
|---|---|---|---|
| 999 |
_c61602 _d61602 |
||
| 005 | 20240328105207.0 | ||
| 008 | 240328s2012 enk||||| |||| 00| 0 eng d | ||
| 020 | _a9789400796577 | ||
| 041 | _aeng | ||
| 080 | _a514.742 W-83 | ||
| 100 |
_aWoodford, C. _921614 |
||
| 245 |
_aNumerical Methods with Worked Examples: _bMatlab Edition / _cC. Woodford, C. Phillips. |
||
| 264 |
_aNew York : _bSpringer, _c2012. |
||
| 300 |
_a256 p. ; _b24 cm. |
||
| 653 | _aრიცხვითი მეთოდები | ||
| 653 | _aმათემატიკა | ||
| 700 |
_aPhillips, C. _eავტორი _921615 |
||
| 942 |
_2udc _cBK |
||